[Event "Hastings 9192"]
[Site "Hastings"]
[Date "1991.??.??"]
[Round "6"]
[White "Adams, Michael"]
[Black "Shirov, Alexei"]
[Result "1/2-1/2"]
[WhiteElo "2615"]
[BlackElo "2610"]
[PlyCount "83"]
[EventDate "1991.12.??"]
[Source "ChessBase"]

1. b3 g6 2. Bb2 Nf6 3. g3 Bg7 4. Bg2 d6 5. d4 c5 6. d5 O-O 7. Nh3 Bg4 8. Nf4 Qd7 9. Qc1 e5 10. dxe6 fxe6 11. Nc3 Nc6 12. h3 Bf5 13. e3 e5 14. Nfd5 Nb4 15. Nxf6+ Rxf6 16. e4 Be6 17. h4 Nc6 18. Nd5 Bxd5 19. exd5 Nd4 20. Bxd4 cxd4 21. O-O Rc8 22. Qd2 Rc3 23. Qe2 Qf5 24. Be4 Qh3 25. Rad1 Bh6 26. Rd3 Rc7 27. Rf3 Qg4 28. Re1 Rxf3 29. Bxf3 Qf5 30. Be4 Qh3 31. Rd1 a6 32. Rd3 Bf8 33. Rf3 Be7 34. Bd3 Bd8 35. Qe4 Rf7 36. Rxf7 Kxf7 37. Qf3+ Bf6 38. Be4 Kg7 39. Qe2 Bd8 40. Bg2 Qf5 41. Be4 Qh3 42. Bg2 1/2-1/2

[Event "Soviet Union"]
[Site "Soviet Union"]
[Date "1978.??.??"]
[Round "?"]
[White "Petrosian, Tigran V"]
[Black "Balashov, Yuri S"]
[Result "1-0"]
[WhiteElo "2620"]
[BlackElo "2590"]
[PlyCount "43"]
[EventDate "1978.??.??"]
[Source "www.chesslib.no"]
[SourceDate "2004.05.04"]

1. c4 e5 2. b3 Nc6 3. Bb2 Nf6 4. e3 d5 5. cxd5 Nxd5 6. a3 Bd6 7. Qc2 O-O 8. Nf3 Qe7 9. Bd3 Kh8 10. Be4 Nb6 11. Bxc6 bxc6 12. d3 Bd7 13. Nbd2 f5 14. e4 fxe4 15. dxe4 Rf4 16. Qc3 Re8 17. O-O c5 18. Kh1 Bc6 19. Rae1 Nd7 20. Ng1 Nf6 21. f3 Nh5 22. g4 1-0

[Event "Paris"]
[Site "?"]
[Date "1990.??.??"]
[Round "?"]
[White "Psakhis, L."]
[Black "Shirov, A."]
[Result "1-0"]
[WhiteElo "2570"]
[BlackElo "2500"]
[PlyCount "113"]
[EventDate "1990.??.??"]
[Source "ChessBase"]
[SourceDate "1990.01.01"]

1. b3 g6 2. Bb2 Nf6 3. g3 Bg7 4. Bg2 d6 5. d4 c5 6. dxc5 Qa5+ 7. Nd2 Qxc5 8. a3 Nc6 9. b4 Qb6 10. c4 a5 11. b5 Ne5 12. Ngf3 Nfg4 13. Bd4 Nd3+ 14. exd3 Bxd4 15. Nxd4 Qxd4 16. O-O Qxd3 17. Re1 Ne5 18. c5 Bg4 19. Qc1 Rc8 20. Ne4 f5 21. Qb2 O-O 22. cxd6 Nc4 23. Qa2 fxe4 24. dxe7 Rfe8 25. Rxe4 Qxa3 26. Rxg4 Qxa2 27. Rxa2 Ne5 28. Bd5+ Kg7 29. Re4 Rxe7 30. Rae2 Kf6 31. Rf4+ Kg7 32. Rfe4 Kf6 33. f4 Nf3+ 34. Kg2 Rxe4 35. Rxe4 Rc5 36. Re6+ Kf5 37. g4+ Kxg4 38. Bxf3+ Kxf4 39. Rf6+ Ke5 40. Rb6 a4 41. Rxb7 a3 42. b6 Rb5 43. Re7+ Kf6 44. Rxh7 Rxb6 45. Ra7 Rb3 46. h4 Ke5 47. Ra6 Kf5 48. Kg3 Rc3 49. Ra5+ Kf6 50. Kf4 Kg7 51. Ra6 Kh6 52. h5 Rc4+ 53. Kg3 Kh7 54. hxg6+ Kh6 55. Bd5 Rd4 56. Bf7 Rd3+ 57. Kf4 1-0

[Event "URS-ch1L"]
[Site "Kischniev"]
[Date "1975.??.??"]
[Round "?"]
[White "Grigoryan, Karen A"]
[Black "Gufeld, Eduard E"]
[Result "0-1"]
[WhiteElo "2520"]
[BlackElo "2535"]
[PlyCount "81"]
[EventDate "1975.10.??"]
[Source "www.chesslib.no"]
[SourceDate "2004.05.04"]

1. b3 g6 2. Bb2 Nf6 3. c4 Bg7 4. g3 O-O 5. Bg2 d6 6. Nf3 e5 7. O-O Nc6 8. d3 Bf5 9. Nbd2 Qd7 10. Re1 Bh3 11. Bh1 h6 12. Bc3 Nh7 13. b4 g5 14. b5 Ne7 15. d4 g4 16. Nh4 exd4 17. Bb2 c5 18. bxc6 bxc6 19. Nb3 c5 20. Bxa8 Rxa8 21. e4 Ng5 22. Bc1 Re8 23. Bf4 Nc6 24. Nd2 Ne5 25. Bxe5 Rxe5 26. Ng2 Bxg2 27. Kxg2 f5 28. f4 gxf3+ 29. Nxf3 Nxf3 30. Qxf3 Qe8 31. exf5 Rxe1 32. Rxe1 Qxe1 33. f6 Qe6 34. fxg7 Kxg7 35. Qb7+ Kg6 36. Qb1+ Qf5 37. Qb8 Qe4+ 38. Kh3 Qe6+ 39. Kg2 d3 40. Kf3 Qe2+ 41. Kf4 0-1

[Event "13. Salona"]
[Site "?"]
[Date "2005.12.13"]
[Round "6"]
[White "Dizdarevic Emir"]
[Black "Kurajica Bojan"]
[Result "1/2-1/2"]
[WhiteElo "2509"]
[BlackElo "2533"]
[PlyCount "26"]
[EventDate "2005.??.??"]
[Source "www.chesslib.no"]
[SourceDate "2004.05.04"]

1. b3 c6 2. Bb2 d6 3. d4 Nf6 4. Nf3 g6 5. e3 Bg7 6. Be2 O-O 7. O-O Bg4 8. Nbd2 Nbd7 9. h3 Bxf3 10. Nxf3 Qc7 11. Qd2 d5 12. c4 e6 13. Rfc1 Ne4 1/2-1/2

[Event "Palma de Majorca"]
[Site "Palma de Majorca ESP"]
[Date "1972.??.??"]
[Round "71"]
[White "Bellon Lopez, Juan Manuel"]
[Black "Polugaevsky, Lev A"]
[Result "0-1"]
[WhiteElo "2385"]
[BlackElo "2645"]
[PlyCount "59"]
[EventDate "1972.??.??"]
[Source "www.chesslib.no"]
[SourceDate "2004.05.04"]

1. b3 g6 2. Bb2 Nf6 3. g3 Bg7 4. Bg2 d6 5. e4 e5 6. Ne2 O-O 7. O-O Nh5 8. d4 Nd7 9. Nd2 Qe7 10. f4 exd4 11. Bxd4 f5 12. Bxg7 Nxg7 13. Nc3 Nf6 14. Re1 Qd8 15. Nc4 fxe4 16. Nxe4 Nxe4 17. Bxe4 Rb8 18. Qd4 b6 19. Bd5+ Kh8 20. Re3 c5 21. Qc3 b5 22. Rae1 Qf6 23. Qxf6 Rxf6 24. Re8+ Nxe8 25. Rxe8+ Kg7 26. Rg8+ Kh6 27. Ne3 a5 28. h4 a4 29. Kf2 c4 30. b4 0-1

[Event "Lazne Bohdanec"]
[Site "Lazne Bohdanec"]
[Date "1997.??.??"]
[Round "7"]
[White "Blatny, Pavel"]
[Black "Vokac, Marek"]
[Result "0-1"]
[WhiteElo "2540"]
[BlackElo "2485"]
[PlyCount "112"]
[EventDate "1997.01.??"]
[Source "ChessBase"]
[SourceDate "1997.04.10"]

1. b3 d6 2. g3 e5 3. Bg2 Nc6 4. Bb2 f5 5. e3 Nf6 6. d4 Bd7 7. h4 exd4 8. exd4 Qe7+ 9. Ne2 f4 10. d5 Ne5 11. gxf4 Ng6 12. Qd4 Nh5 13. Bf3 Nhxf4 14. Nbc3 Nxe2 15. Bxe2 Qe5 16. Qxe5+ Nxe5 17. Nb5 O-O-O 18. Nxa7+ Kb8 19. Nb5 Be7 20. Nd4 Bf6 21. O-O-O Rde8 22. Rde1 Rhf8 23. Bd1 c5 24. dxc6 bxc6 25. a4 Kc7 26. Bh5 g6 27. Bd1 Bd8 28. f3 Rf4 29. h5 gxh5 30. Ne2 Rf7 31. Rxh5 Nxf3 32. Reh1 h6 33. Nd4 Nxd4 34. Bxd4 Bg5+ 35. Kb2 c5 36. Bc3 Bc6 37. Rg1 Bf3 38. Bxf3 Rxf3 39. Bg7 Re6 40. Rh2 Rg6 41. Bh8 Bf6+ 42. Bxf6 Rxg1 43. Rxh6 Rg2 44. Rh7+ Kc6 45. Rg7 Rh2 46. Rg6 Kd7 47. a5 Rff2 48. b4 Rxc2+ 49. Kb3 Kc6 50. Bc3 Rc1 51. Be5 Rb1+ 52. Kc3 cxb4+ 53. Kd3 Rd1+ 54. Kc4 Rh4+ 55. Kb3 Re4 56. Bb2 Re2 0-1

[Event "XV Open Ordix"]
[Site "Mainz GER"]
[Date "2008.08.02"]
[Round "3"]
[White "Zupe, M."]
[Black "Fressinet, L."]
[Result "0-1"]
[WhiteElo "2346"]
[BlackElo "2673"]
[PlyCount "102"]
[EventDate "2008.08.02"]
[Source "www.chesslib.no"]
[SourceDate "2004.05.04"]

1. c4 e5 2. b3 Nc6 3. Bb2 f5 4. g3 Nf6 5. Bg2 Bc5 6. Nc3 O-O 7. Nd5 d6 8. Nf3 Nxd5 9. cxd5 Ne7 10. O-O Bb6 11. Ne1 Qe8 12. d3 Qf7 13. a4 a5 14. Nf3 h6 15. d4 e4 16. Nd2 Nxd5 17. Nc4 Be6 18. e3 Nb4 19. Nd2 d5 20. Qe2 c6 21. Ba3 Bc7 22. Rac1 Bd6 23. f3 Qe7 24. fxe4 fxe4 25. Rxf8+ Rxf8 26. Rf1 Rxf1+ 27. Nxf1 Qd7 28. Qd2 Bg4 29. Bb2 Nd3 30. Bc3 Bb4 31. Bxb4 axb4 32. h4 Qf5 33. Nh2 Bh3 34. Qe2 h5 35. Nf1 g6 36. Nh2 Kf8 37. Nf1 Ke7 38. Nd2 Kd8 39. Qf1 Qxf1+ 40. Bxf1 Bxf1 41. Kxf1 Kd7 42. Kg2 Ke6 43. Kh3 Kf5 44. Nf1 Nc1 45. Nd2 b6 46. Kh2 Nd3 47. Kh3 c5 48. dxc5 Nxc5 49. Kg2 Nd3 50. Kh3 Nf2+ 51. Kg2 Ng4 0-1

[Event "Aosta Open"]
[Site "Aosta"]
[Date "1990.??.??"]
[Round "7"]
[White "Garcia Palermo, Carlos H"]
[Black "Petursson, Margeir"]
[Result "0-1"]
[WhiteElo "2460"]
[BlackElo "2555"]
[PlyCount "118"]
[EventDate "1990.12.??"]
[Source "www.chesslib.no"]
[SourceDate "2004.05.04"]

1. c4 e5 2. b3 Nf6 3. Bb2 Nc6 4. e3 Be7 5. a3 O-O 6. Qc2 d5 7. cxd5 Nxd5 8. Nf3 Qd6 9. d3 f5 10. Nbd2 Bf6 11. Be2 Bd7 12. b4 a6 13. Rd1 Kh8 14. O-O Qe7 15. Rfe1 Rad8 16. Nc4 b5 17. Ncd2 Nb6 18. e4 Na4 19. Ba1 f4 20. Nb3 a5 21. d4 exd4 22. Bxb5 Nc3 23. Bxc3 dxc3 24. Rxd7 Qxd7 25. e5 Be7 26. Qxc3 axb4 27. Qc1 Qe6 28. Nc5 Qd5 29. Bxc6 Qxc5 30. axb4 Qxb4 31. e6 Rf5 32. Bd7 Qd6 33. Qb1 Rd5 34. h3 c5 35. Kh2 Rb8 36. Qc2 Bf6 37. Qe4 g6 38. Qe2 Kg7 39. Ba4 Rb7 40. Bc2 Re7 41. Bb3 Rd3 42. Bc4 Rc3 43. Rd1 Qc6 44. Bd5 Qb6 45. h4 c4 46. Bxc4 Qc7 47. Bd5 Bxh4 48. Rd2 Bf6 49. Qe4 Ra3 50. Rc2 Qb8 51. Rc4 Ra5 52. Bc6 Rh5+ 53. Kg1 Ra7 54. Rc1 Qd6 55. Bd7 Rha5 56. Re1 Ra1 57. Rxa1 Rxa1+ 58. Kh2 Ra5 59. Qe1 Rd5 0-1

[Event "Moscow5"]
[Site "Moscow"]
[Date "1995.??.??"]
[Round "6"]
[White "Nikolenko, Oleg"]
[Black "Fedorov, Alexei"]
[Result "1/2-1/2"]
[WhiteElo "2475"]
[BlackElo "2540"]
[PlyCount "94"]
[EventDate "1995.??.??"]
[Source "ChessBase"]

1. b3 d6 2. Bb2 Nd7 3. e3 Ngf6 4. f4 e5 5. Nf3 e4 6. Ng5 d5 7. Nh3 h5 8. Nf2 b6 9. c4 dxc4 10. Bxc4 a6 11. Nc3 Bb7 12. Qc2 Bb4 13. a3 Bxc3 14. Bxc3 Qe7 15. Bb2 O-O-O 16. b4 Ne8 17. O-O Kb8 18. Rfc1 Rc8 19. Bf1 Nd6 20. Qa4 b5 21. Qb3 f6 22. a4 c6 23. Bd4 Rhd8 24. Bc5 Nxc5 25. Rxc5 g5 26. fxg5 fxg5 27. Nh3 bxa4 28. Rxa4 Nb5 29. Ra2 Rd5 30. Rac2 Rf8 31. Rxd5 cxd5 32. Bxb5 axb5 33. Rc5 Qf6 34. Qd1 Bc6 35. Rc1 Bd7 36. Qe2 Qb2 37. Qe1 Bxh3 38. gxh3 h4 39. Rc5 Qxb4 40. Rxd5 Qb3 41. Re5 Qc4 42. Qb1 b4 43. Rxe4 Rf1+ 44. Qxf1 Qxe4 45. Qb5+ Kc7 46. Kf2 Qb1 47. Ke2 b3 1/2-1/2

[Event "Jesolo (VE)"]
[Site "?"]
[Date "1999.12.27"]
[Round "2"]
[White "Rotstein Arkadij"]
[Black "Jordachescu Viarel"]
[Result "1-0"]
[WhiteElo "2460"]
[BlackElo "2553"]
[PlyCount "103"]
[EventDate "1999.??.??"]
[Source "www.chesslib.no"]
[SourceDate "2004.05.04"]

1. b3 d6 2. Bb2 e5 3. g3 Nc6 4. Bg2 f5 5. e3 Nf6 6. d4 e4 7. d5 Ne5 8. f4 Nf7 9. Nh3 g6 10. Nc3 Bg7 11. Qd2 O-O 12. O-O-O c6 13. Nf2 a5 14. a4 b5 15. dxc6 bxa4 16. Nxa4 Ra6 17. g4 Rxc6 18. g5 Ne8 19. h4 Be6 20. Kb1 Bxb2 21. Kxb2 Ng7 22. Ra1 Qb8 23. Nd1 Rfc8 24. Ndc3 d5 25. Bf1 Nd6 26. Qd4 Bf7 27. Rh2 Nc4+ 28. Bxc4 Rxc4 29. Qe5 Qb7 30. Rd2 Re8 31. Qd6 Rc6 32. Qa3 Rec8 33. Ne2 Ne6 34. Rc1 Qc7 35. c3 d4 36. Nxd4 Nxd4 37. Rxd4 Rb8 38. Rcd1 Bxb3 39. Qxb3+ Rxb3+ 40. Kxb3 Qf7+ 41. c4 Qb7+ 42. Ka2 Rc8 43. Rb1 Qc7 44. Nb6 Re8 45. Nd5 Qc6 46. Rb6 Qc5 47. Rb5 Qc6 48. Nf6+ Kf7 49. Nxe8 Kxe8 50. Kb3 a4+ 51. Ka3 Ke7 52. Rbd5 1-0

[Event "Leningrad RUS"]
[Site "Leningrad RUS"]
[Date "1989.??.??"]
[Round "1"]
[White "Bagirov, Vladimir K"]
[Black "Khalifman, Alexander V"]
[Result "1/2-1/2"]
[WhiteElo "2460"]
[BlackElo "2545"]
[PlyCount "68"]
[EventDate "1989.??.??"]
[Source "www.chesslib.no"]
[SourceDate "2004.05.04"]

1. b3 g6 2. Bb2 Nf6 3. e4 Bg7 4. g3 e5 5. Bg2 Nc6 6. c4 O-O 7. Ne2 d6 8. O-O Nh5 9. Nbc3 f5 10. exf5 Bxf5 11. d3 Qd7 12. Qd2 Bh3 13. Nd5 Rf7 14. f3 Raf8 15. d4 Bxg2 16. Kxg2 Nf6 17. Nxf6+ Bxf6 18. d5 Ne7 19. Nc3 Nf5 20. Ne4 Bg7 21. Rae1 c6 22. Qd3 h6 23. Re2 Nd4 24. Ref2 c5 25. a4 b6 26. h4 a6 27. Bxd4 exd4 28. Re2 Re7 29. f4 Rfe8 30. Rfe1 Qg4 31. Qf3 h5 32. Qd3 Qf5 33. Qf3 Qg4 34. Qd3 Qf5 1/2-1/2

[Event "Leningrad"]
[Site "Leningrad"]
[Date "1989.??.??"]
[Round "?"]
[White "Bagirov, Vladimir"]
[Black "Khalifman, Alexander"]
[Result "1/2-1/2"]
[WhiteElo "2460"]
[BlackElo "2545"]
[PlyCount "66"]
[EventDate "1989.06.??"]
[Source "ChessBase"]

1. b3 g6 2. Bb2 Nf6 3. e4 Bg7 4. g3 e5 5. Bg2 Nc6 6. c4 O-O 7. Ne2 d6 8. O-O Nh5 9. Nbc3 f5 10. exf5 Bxf5 11. d3 Qd7 12. Qd2 Bh3 13. Nd5 Rf7 14. f3 Raf8 15. d4 Bxg2 16. Kxg2 Nf6 17. Nxf6+ Bxf6 18. d5 Ne7 19. Nc3 Nf5 20. Ne4 Bg7 21. Rae1 c6 22. Qd3 h6 23. Re2 Nd4 24. Ref2 c5 25. a4 b6 26. Bxd4 exd4 27. Re2 Re7 28. f4 Rfe8 29. Rfe1 Qg4 30. Qf3 h5 31. Qd3 Qf5 32. Qf3 Qg4 33. Qd3 Qf5 1/2-1/2

[Event "XI Open"]
[Site "Malaga ESP"]
[Date "2008.02.28"]
[Round "7"]
[White "Mirzoev, A."]
[Black "Herraiz Hidalgo, H."]
[Result "1/2-1/2"]
[WhiteElo "2518"]
[BlackElo "2485"]
[PlyCount "36"]
[EventDate "2008.02.23"]
[Source "www.chesslib.no"]
[SourceDate "2004.05.04"]

1. b3 d6 2. Bb2 e5 3. e3 g6 4. d4 Bg7 5. dxe5 Nc6 6. Bb5 Bd7 7. Nf3 Nge7 8. Na3 Nxe5 9. Nxe5 Bxe5 10. Bxe5 dxe5 11. Bxd7+ Qxd7 12. Qxd7+ Kxd7 13. O-O-O+ Ke6 14. Nb5 Rhc8 15. Rd2 a6 16. Nc3 Rd8 17. Rhd1 Rxd2 18. Rxd2 f6 1/2-1/2

[Event "Pinamar tt"]
[Site "Pinamar ARG"]
[Date "1975.??.??"]
[Round "6"]
[White "Rubinetti, Jorge A"]
[Black "Panno, Oscar R"]
[Result "1/2-1/2"]
[WhiteElo "2440"]
[BlackElo "2545"]
[PlyCount "24"]
[EventDate "1975.??.??"]
[Source "www.chesslib.no"]
[SourceDate "2004.05.04"]

1. b3 g6 2. Bb2 Nf6 3. e4 d6 4. g3 Bg7 5. Bg2 O-O 6. Ne2 e5 7. O-O d5 8. exd5 Nxd5 9. d4 exd4 10. Bxd4 Nf6 11. Bb2 c6 12. Na3 Na6 1/2-1/2

[Event "SWE-chT 0203"]
[Site "Helsingborg"]
[Date "2002.10.11"]
[Round "1"]
[White "Karlsson, Lars"]
[Black "Hillarp Persson, Tiger"]
[Result "0-1"]
[WhiteElo "2478"]
[BlackElo "2493"]
[PlyCount "90"]
[EventDate "2002.10.11"]
[Source "ChessBase"]
[SourceDate "2002.11.06"]

1. b3 d6 2. Bb2 e5 3. c4 f5 4. d4 Qe7 5. e3 Nf6 6. Be2 Nc6 7. Nc3 Qf7 8. Nf3 e4 9. Ng5 Qg6 10. h4 h6 11. Nd5 Kd8 12. Nf4 Qe8 13. Nge6+ Bxe6 14. d5 Bf7 15. dxc6 bxc6 16. Bxf6+ gxf6 17. Bh5 Bxh5 18. Nxh5 Qe5 19. Nf4 Rg8 20. Rc1 Rg4 21. Qd2 a5 22. g3 Kd7 23. h5 Be7 24. c5 d5 25. Ng6 Qe6 26. a3 Qg8 27. Nf4 Ra7 28. Ne2 f4 29. exf4 f5 30. Nd4 Qf7 31. b4 axb4 32. axb4 Ra3 33. Qb2 Rd3 34. Nxc6 Kxc6 35. b5+ Kd7 36. b6 Qg7 37. Qb5+ c6 38. b7 cxb5 39. b8=Q Qb2 40. c6+ Ke6 41. Qc8+ Kf6 42. Qh8+ Rg7 43. O-O Kf7 44. Kh1 Qf6 45. Kh2 Bd6 0-1

[Event "Pardubice"]
[Site "?"]
[Date "2006.07.28"]
[Round "8.21"]
[White "Blatny Pavel"]
[Black "Sulskis Sarunas"]
[Result "0-1"]
[WhiteElo "2449"]
[BlackElo "2514"]
[PlyCount "56"]
[EventDate "2006.??.??"]
[Source "www.chesslib.no"]
[SourceDate "2004.05.04"]

1. b3 a5 2. a3 e5 3. Bb2 d6 4. e3 g6 5. d4 Bg7 6. dxe5 Nh6 7. Nc3 Bxe5 8. Nf3 Bg7 9. h3 Nf5 10. e4 Nh4 11. Nd2 g5 12. g3 Ng6 13. Qh5 Nd7 14. Nc4 h6 15. Nd5 Bxb2 16. Nxb2 Nf6 17. Nxf6+ Qxf6 18. O-O-O a4 19. bxa4 Bd7 20. Rd3 Qxf2 21. Be2 Ne5 22. Rb3 Be6 23. Rf1 Qd4 24. Rxb7 Qe3+ 25. Kb1 Qxa3 26. Bb5+ Kd8 27. Ba6 Rxa6 28. Rb8+ Ke7 0-1

[Event "JUG Ch"]
[Site "Umag CRO"]
[Date "1972.??.??"]
[Round "4"]
[White "Planinec, Albin"]
[Black "Sofrevski, Jovan"]
[Result "1-0"]
[WhiteElo "2520"]
[BlackElo "2440"]
[PlyCount "57"]
[EventDate "1972.??.??"]
[Source "www.chesslib.no"]
[SourceDate "2004.05.04"]

1. b3 d6 2. Bb2 Nf6 3. Nf3 g6 4. g3 Bg7 5. Bg2 e5 6. O-O O-O 7. c4 Re8 8. Nc3 c6 9. d4 e4 10. Ne1 d5 11. Nc2 h5 12. Qd2 Be6 13. Ne3 Bh6 14. cxd5 cxd5 15. f3 exf3 16. exf3 Bh3 17. f4 Bxg2 18. Kxg2 Nc6 19. Rae1 Ne4 20. Qd3 Nxc3 21. Bxc3 a6 22. f5 Qd6 23. Rf3 Rac8 24. fxg6 fxg6 25. Nxd5 Rxe1 26. Nf6+ Kg7 27. Bxe1 Nb4 28. Qe4 Nc2 29. Bf2 1-0

[Event "CZE-chT 0102"]
[Site "CZE"]
[Date "2001.??.??"]
[Round "?"]
[White "Zurek, Milan"]
[Black "Votava, Jan"]
[Result "0-1"]
[WhiteElo "2443"]
[BlackElo "2509"]
[PlyCount "126"]
[EventDate "2001.10.??"]
[Source "ChessBase"]
[SourceDate "2002.01.21"]

1. b3 g6 2. Bb2 Nf6 3. Bxf6 exf6 4. g3 d5 5. d4 c6 6. Bg2 Bg7 7. e3 f5 8. Ne2 Nd7 9. c4 dxc4 10. bxc4 c5 11. O-O O-O 12. Nbc3 cxd4 13. exd4 f4 14. c5 fxg3 15. hxg3 Nf6 16. Rb1 Rb8 17. c6 Qc7 18. Nb5 Qa5 19. Nd6 Bg4 20. Nxb7 Qxa2 21. Nc3 Qc4 22. Qd2 Nh5 23. Nd5 Qxd4 24. Qxd4 Bxd4 25. c7 Rbe8 26. Rb4 Nxg3 27. Rxd4 Ne2+ 28. Kh2 Nxd4 29. Nf6+ Kg7 30. Nxe8+ Rxe8 31. Nd6 Re5 32. c8=Q Rh5+ 33. Kg3 Bxc8 34. Nxc8 Rg5+ 35. Kh3 Ne2 36. Bf3 Ng1+ 37. Rxg1 Rxg1 38. Nxa7 f5 39. Nc6 Kf6 40. Nd4 g5 41. Kh2 Ra1 42. Kg2 Ra4 43. Ne2 Ra3 44. Bh5 g4 45. f4 Re3 46. Ng3 Rf3 47. Ne2 Ke7 48. Nd4 Rxf4 49. Nxf5+ Rxf5 50. Bxg4 Ra5 51. Kg3 Kf6 52. Kh4 Kg6 53. Bd7 Re5 54. Bc6 Kf5 55. Kg3 Re3+ 56. Bf3 Kg5 57. Kg2 Kf4 58. Bc6 Rg3+ 59. Kh2 Kg4 60. Bd7+ Kf3 61. Bc6+ Kg4 62. Bd7+ Kh4 63. Bc8 h6 0-1

[Event "Ivan Zanic Mem, Stara Pazova YUG"]
[Site "?"]
[Date "2001.??.??"]
[Round "4"]
[White "Popchev, M."]
[Black "Sedlak, N."]
[Result "1/2-1/2"]
[WhiteElo "2480"]
[BlackElo "2460"]
[PlyCount "26"]
[EventDate "2001.??.??"]
[Source "www.chesslib.no"]
[SourceDate "2004.05.04"]

1. c4 e5 2. b3 Nc6 3. Bb2 Nf6 4. e3 d5 5. cxd5 Nxd5 6. a3 Bd6 7. Qc2 O-O 8. Nf3 Qe7 9. d3 f5 10. Nbd2 Kh8 11. Be2 Nb6 12. O-O Bd7 13. e4 a5 1/2-1/2

[Event "SWE Ch"]
[Site "Lindesberg"]
[Date "1993.??.??"]
[Round "2"]
[White "Karlsson, Lars C-G"]
[Black "Barkhagen, Jonas"]
[Result "1/2-1/2"]
[WhiteElo "2505"]
[BlackElo "2430"]
[PlyCount "46"]
[EventDate "1993.07.??"]
[Source "www.chesslib.no"]
[SourceDate "2004.05.04"]

1. b3 d6 2. Bb2 Nd7 3. e3 Ngf6 4. c4 g6 5. Nf3 Bg7 6. Be2 e5 7. d4 exd4 8. exd4 O-O 9. O-O Re8 10. Re1 Nf8 11. Nbd2 c6 12. b4 Ne6 13. g3 b6 14. Qb3 Bb7 15. a4 a5 16. bxa5 Rxa5 17. Bc3 Ra7 18. Bf1 d5 19. Rab1 Ba8 20. Qxb6 Qxb6 21. Rxb6 Rxa4 22. Ra1 Rxa1 23. Bxa1 Nd7 1/2-1/2

[Event "Politiken zt"]
[Site "Munkebo"]
[Date "1998.09.12"]
[Round "1.6"]
[White "Salmensuu, Olli"]
[Black "Danielsen, Henrik"]
[Result "1/2-1/2"]
[WhiteElo "2420"]
[BlackElo "2510"]
[PlyCount "138"]
[EventDate "1998.09.10"]
[Source "ChessBase"]
[SourceDate "1998.11.30"]

1. b3 d6 2. Bb2 e5 3. g3 f5 4. Bg2 Nf6 5. c4 g6 6. d4 Bg7 7. dxe5 Ng4 8. Nc3 Nxe5 9. Nh3 O-O 10. O-O Nbc6 11. Qd2 Bd7 12. Rfd1 b6 13. Nf4 g5 14. Nd3 Nxd3 15. Qxd3 Rc8 16. Rab1 Ne5 17. Qd2 f4 18. Nb5 a5 19. Nxd6 cxd6 20. Qxd6 Bf5 21. Bxe5 Qxd6 22. Bxd6 Bxb1 23. Bxf8 Bxa2 24. Bxg7 Kxg7 25. Rd7+ Kh8 26. Rd3 a4 27. bxa4 Rxc4 28. Rd8+ Kg7 29. Rd7+ Kh8 30. Bd5 Rxa4 31. Bxa2 Rxa2 32. Re7 fxg3 33. hxg3 Rb2 34. Kg2 Kg8 35. Kf3 Rb4 36. e4 h6 37. Kg4 Kf8 38. Re6 Kg7 39. Kf5 Rb3 40. Re7+ Kf8 41. Rb7 Rf3+ 42. Ke6 Rxf2 43. e5 Rf3 44. Rxb6 Rxg3 45. Kd7 Rd3+ 46. Ke6 Re3 47. Rb7 g4 48. Rh7 g3 49. Rxh6 Ra3 50. Kf6 Rf3+ 51. Ke6 Ra3 52. Rh5 Ra6+ 53. Kf5 Ke7 54. Rh7+ Kf8 55. Rh4 g2 56. Rg4 Ra2 57. Kf6 Rf2+ 58. Ke6 Ra2 59. Rg5 Ra6+ 60. Kd5 Ra2 61. Ke4 Ke7 62. Kf4 Rf2+ 63. Ke3 Ra2 64. Ke4 Re2+ 65. Kf5 Rf2+ 66. Ke4 Re2+ 67. Kd4 Rd2+ 68. Ke3 Ra2 69. Kf3 Kf7 1/2-1/2

[Event "URS Ch U26"]
[Site "Minsk BLR"]
[Date "1990.??.??"]
[Round "?"]
[White "Minasian, Artashes"]
[Black "Piskov, Yury"]
[Result "1-0"]
[WhiteElo "2480"]
[BlackElo "2445"]
[PlyCount "81"]
[EventDate "1990.01.??"]
[Source "www.chesslib.no"]
[SourceDate "2004.05.04"]

1. b3 d6 2. Bb2 e5 3. e3 Nf6 4. Ne2 Bf5 5. f4 Nc6 6. Ng3 Bg4 7. Be2 h5 8. O-O Qd7 9. h3 Bxe2 10. Nxe2 O-O-O 11. c4 Be7 12. Nbc3 Qe6 13. e4 Rdg8 14. d4 exd4 15. Nxd4 Qd7 16. Nxc6 Qxc6 17. Nd5 Bd8 18. Qd3 Nd7 19. b4 Kb8 20. Bd4 Re8 21. Bxg7 Rhg8 22. Bd4 h4 23. Rf3 Qa4 24. Rb1 Qxa2 25. Rf2 Rg3 26. Ne3 Qa4 27. Ra1 Qxb4 28. Rb2 Nc5 29. Qc2 Qxb2 30. Qxb2 Rxe4 31. Bxc5 dxc5 32. Qh8 Kc8 33. Rd1 Rd4 34. Rxd4 cxd4 35. Nf5 Rd3 36. Qe8 c6 37. Qxf7 Rd1+ 38. Kf2 Bc7 39. Qe6+ Kd8 40. Qe7+ Kc8 41. Nd6+ 1-0

[Event "Rubinstein Memorial"]
[Site "Polanica Zdroj POL"]
[Date "1995.??.??"]
[Round "6"]
[White "Markowski, Tomasz"]
[Black "Kaminski, Marcin"]
[Result "1/2-1/2"]
[WhiteElo "2470"]
[BlackElo "2455"]
[PlyCount "34"]
[EventDate "1995.08.??"]
[Source "www.chesslib.no"]
[SourceDate "2004.05.04"]

1. b3 e6 2. Bb2 d5 3. Nf3 f5 4. e3 Nf6 5. d4 Bd6 6. c4 c6 7. Nc3 O-O 8. Bd3 Ne4 9. O-O Nd7 10. Ne2 Qe7 11. a3 a5 12. Ne5 Bc7 13. Rc1 Bd6 14. f3 Ng5 15. Ra1 Nf7 16. f4 Nf6 17. c5 Bc7 1/2-1/2

[Event "Dhaka"]
[Site "Dhaka"]
[Date "1995.??.??"]
[Round "10"]
[White "Koshy, Varugeese"]
[Black "Conquest, Stuart"]
[Result "1-0"]
[WhiteElo "2405"]
[BlackElo "2520"]
[PlyCount "71"]
[EventDate "1995.??.??"]
[Source "ChessBase"]

1. b3 d6 2. d4 g6 3. Bb2 Bg7 4. Nf3 f5 5. e3 Nf6 6. Nbd2 O-O 7. Bd3 Nc6 8. O-O Kh8 9. a3 e5 10. dxe5 Ng4 11. Nd4 Ncxe5 12. Be2 c5 13. Nb5 a6 14. Nc3 Be6 15. Nf3 d5 16. Nxe5 Nxe5 17. Na4 Qc7 18. b4 b6 19. f4 Nc4 20. Bxg7+ Qxg7 21. Bxc4 dxc4 22. Qd6 Rae8 23. Qxb6 cxb4 24. axb4 Bd5 25. Qd4 Bc6 26. Nc5 c3 27. Rfe1 Bb5 28. Qxg7+ Kxg7 29. Nxa6 Rd8 30. Nc5 Rfe8 31. Nb3 Bc4 32. Nd4 Kf6 33. Kf2 g5 34. g3 Rb8 35. Rab1 Rb6 36. b5 1-0

[Event "XIII festival A"]
[Site "Zupanja CRO"]
[Date "2007.01.06"]
[Round "4.7"]
[White "Drazic, Sinisa"]
[Black "Dimitrov, Pavel"]
[Result "0-1"]
[WhiteElo "2483"]
[BlackElo "2441"]
[PlyCount "78"]
[EventDate "2007.01.03"]
[Source "www.chesslib.no"]
[SourceDate "2004.05.04"]

1. b3 d6 2. Bb2 Nf6 3. c4 e5 4. g3 Be7 5. Bg2 c6 6. Nf3 O-O 7. O-O Bf5 8. Nc3 Qc8 9. Re1 Re8 10. e4 Bh3 11. d4 Bf8 12. Rc1 Bxg2 13. Kxg2 Nbd7 14. d5 a6 15. Rc2 Nb6 16. Qe2 cxd5 17. cxd5 Qd7 18. Qe3 Nc8 19. Nb1 Ne7 20. Nbd2 Ng6 21. Nc4 Qd8 22. h3 b5 23. Ncd2 Qd7 24. Rec1 Rec8 25. Ne1 Nh5 26. Nd3 Rxc2 27. Rxc2 f5 28. Nb4 f4 29. Qc3 fxg3 30. fxg3 Be7 31. Nd3 Rf8 32. Qc6 Qa7 33. Nf1 Nxg3 34. Rf2 Rxf2+ 35. Nxf2 Nf4+ 36. Kxg3 Bh4+ 37. Kg4 h5+ 38. Kxh4 Qxf2+ 39. Ng3 g5+ 0-1

[Event "Donau op"]
[Site "?"]
[Date "1998.??.??"]
[Round "7"]
[White "Tibensky Robert"]
[Black "Stanec Nikolaus"]
[Result "1/2-1/2"]
[WhiteElo "2435"]
[BlackElo "2485"]
[PlyCount "25"]
[EventDate "1998.??.??"]
[Source "www.chesslib.no"]
[SourceDate "2004.05.04"]

1. c4 e5 2. b3 Nc6 3. Bb2 g6 4. g3 Bg7 5. Bg2 d6 6. e3 h5 7. h3 Nh6 8. Ne2 O-O 9. d4 a5 10. Nbc3 exd4 11. exd4 Nf5 12. Nb5 Na7 13. Nxa7 1/2-1/2